| 000 | 00828nam a22002177a 4500 | ||
|---|---|---|---|
| 999 |
_c17741 _d17741 |
||
| 003 | AR-CdUCM | ||
| 008 | 190509b ||||| |||| 00| 0 spa d | ||
| 040 |
_aMUNICIPALIDAD PROVINCIAL DEL CUSCO _cBIBLIOTECA MUNICIPAL DEL CUSCO |
||
| 082 |
_a869.558 / _bM64 |
||
| 100 |
_aMiró, César _92173 |
||
| 245 |
_aDon Ricardo Palma : _bel patriarca de las tradiciones / |
||
| 260 |
_aBuenos Aires : _bLosada, _c1953. |
||
| 300 |
_a206 páginas ; _blámina, _c23.5 cm. |
||
| 440 |
_aBiografías Históricas y Novelescas. _937897 |
||
| 505 | _aContenido: Esta ciudad romántica -- La adolescencia -- La bohemia de su tiempo -- El desterrado -- Una predicción que se cumple -- El parlamentario ... | ||
| 650 |
_aLiteratos _9754 |
||
| 650 |
_aPerú _935 |
||
| 650 |
_aBiografía _922 |
||
| 942 |
_2ddc _cLIBROS |
||
| 945 |
_aachl _d2019-05-09 |
||